Eastern Utah Libraries Catalog: Duchesne, Heber, Roosevelt, & Vernal

Party problems / (Record no. 358206)

MARC details
000 -LEADER
fixed length control field 02824pam a2200661 i 4500
001 - CONTROL NUMBER
control field dlc2020001371
003 - CONTROL NUMBER IDENTIFIER
control field DLC
005 - DATE AND TIME OF LATEST TRANSACTION
control field 20210202114421.0
008 - FIXED-LENGTH DATA ELEMENTS--GENERAL INFORMATION
fixed length control field 200116s2021 mnua b 000 1 eng
010 ## - LIBRARY OF CONGRESS CONTROL NUMBER
LC control number 2020001371
020 ## - INTERNATIONAL STANDARD BOOK NUMBER
International Standard Book Number 9781515871804
Qualifying information (hardcover)
020 ## - INTERNATIONAL STANDARD BOOK NUMBER
International Standard Book Number 9781515873112
Qualifying information (paperback)
040 ## - CATALOGING SOURCE
Original cataloging agency NJQ/DLC
Language of cataloging eng
Description conventions rda
Transcribing agency DLC
Modifying agency GCmBT
-- QQ3
042 ## - AUTHENTICATION CODE
Authentication code lcac
-- pcc
050 00 - LIBRARY OF CONGRESS CALL NUMBER
Classification number PZ7.1.R4544
Item number Par 2021
082 04 - DEWEY DECIMAL CLASSIFICATION NUMBER
Classification number [E]
Edition number 23
092 ## - LOCALLY ASSIGNED DEWEY CALL NUMBER (OCLC)
Classification number E Reid
099 #9 - LOCAL FREE-TEXT CALL NUMBER (OCLC)
Filing suffix READER
Classification number FICTION
100 1# - MAIN ENTRY--PERSONAL NAME
Personal name Reid, C. L.,
Relator term author.
9 (RLIN) 6402512
245 10 - TITLE STATEMENT
Title Party problems /
Statement of responsibility, etc by C.L. Reid ; illustrated by Elena Aiello.
264 #1 - Production, Publication, Distribution, Manufacture, and Copyright Notice.
Place of production, publication, distribution, manufacture North Mankato, Minnesota :
Name of producer, publisher, distributor, manufacturer Picture Window Books, a Capstone imprint,
Date of production, publication, distribution, manufacture, or copyr [2021]
264 #4 - Production, Publication, Distribution, Manufacture, and Copyright Notice.
Date of production, publication, distribution, manufacture, or copyr ©2021.
300 ## - PHYSICAL DESCRIPTION
Extent 27 pages :
Other physical details illustrations (chiefly color) ;
Dimensions 24 cm.
336 ## - Content Type
Content type term text
336 ## - Content Type
Content type term still image
337 ## - Media type
Media type term unmediated
338 ## - Carrier type
Carrier type term volume
490 1# - SERIES STATEMENT
Series statement Emma every day.
500 ## - GENERAL NOTE
General note Includes an ASL fingerspelling chart, glossary, and content-related questions.
520 ## - SUMMARY, ETC.
Summary, etc Eight-year-old Emma is excited about her best friend Izzie's birthday party, but she is also a little worried because she is deaf and communicates through sign language, and her cochlear implant does not work well in noisy crowds.
521 1# - TARGET AUDIENCE NOTE
Target audience note Ages 5-7.
650 #0 - SUBJECT ADDED ENTRY--TOPICAL TERM
Topical term or geographic name as entry element Deaf children
Form subdivision Juvenile fiction.
9 (RLIN) 6402513
650 #0 - SUBJECT ADDED ENTRY--TOPICAL TERM
Topical term or geographic name as entry element Deaf
Form subdivision Juvenile fiction.
9 (RLIN) 5781626
650 #0 - SUBJECT ADDED ENTRY--TOPICAL TERM
Topical term or geographic name as entry element Cochlear implants
Form subdivision Juvenile fiction.
9 (RLIN) 6402514
650 #0 - SUBJECT ADDED ENTRY--TOPICAL TERM
Topical term or geographic name as entry element People with disabilities
Form subdivision Juvenile fiction.
9 (RLIN) 5679101
650 #0 - SUBJECT ADDED ENTRY--TOPICAL TERM
Topical term or geographic name as entry element American Sign Language
Form subdivision Juvenile fiction.
9 (RLIN) 5722448
650 #0 - SUBJECT ADDED ENTRY--TOPICAL TERM
Topical term or geographic name as entry element Birthday parties
Form subdivision Juvenile fiction.
9 (RLIN) 5742181
650 #0 - SUBJECT ADDED ENTRY--TOPICAL TERM
Topical term or geographic name as entry element Parties
Form subdivision Juvenile fiction.
9 (RLIN) 5684673
650 #0 - SUBJECT ADDED ENTRY--TOPICAL TERM
Topical term or geographic name as entry element Best friends
Form subdivision Juvenile fiction.
9 (RLIN) 5673646
650 #0 - SUBJECT ADDED ENTRY--TOPICAL TERM
Topical term or geographic name as entry element Friendship
Form subdivision Juvenile fiction.
9 (RLIN) 5673647
650 #1 - SUBJECT ADDED ENTRY--TOPICAL TERM
Topical term or geographic name as entry element Deaf children
Form subdivision Fiction.
9 (RLIN) 5702465
650 #1 - SUBJECT ADDED ENTRY--TOPICAL TERM
Topical term or geographic name as entry element Deaf
Form subdivision Fiction.
9 (RLIN) 5679282
650 #1 - SUBJECT ADDED ENTRY--TOPICAL TERM
Topical term or geographic name as entry element Cochlear implants
Form subdivision Fiction.
9 (RLIN) 6402515
650 #1 - SUBJECT ADDED ENTRY--TOPICAL TERM
Topical term or geographic name as entry element People with disabilities
Form subdivision Fiction.
9 (RLIN) 5679284
650 #1 - SUBJECT ADDED ENTRY--TOPICAL TERM
Topical term or geographic name as entry element American Sign Language
Form subdivision Fiction.
9 (RLIN) 6402516
650 #1 - SUBJECT ADDED ENTRY--TOPICAL TERM
Topical term or geographic name as entry element Birthday parties
Form subdivision Fiction.
9 (RLIN) 5705621
650 #1 - SUBJECT ADDED ENTRY--TOPICAL TERM
Topical term or geographic name as entry element Parties
Form subdivision Fiction.
9 (RLIN) 5674139
650 #1 - SUBJECT ADDED ENTRY--TOPICAL TERM
Topical term or geographic name as entry element Birthdays
Form subdivision Fiction.
9 (RLIN) 5678369
650 #1 - SUBJECT ADDED ENTRY--TOPICAL TERM
Topical term or geographic name as entry element Best friends
Form subdivision Fiction.
9 (RLIN) 5675106
650 #1 - SUBJECT ADDED ENTRY--TOPICAL TERM
Topical term or geographic name as entry element Friendship
Form subdivision Fiction.
9 (RLIN) 5673769
655 #1 - INDEX TERM--GENRE/FORM
Genre/form data or focus term Readers.
9 (RLIN) 6402517
655 #7 - INDEX TERM--GENRE/FORM
Genre/form data or focus term Readers (Primary)
Source of term local.
9 (RLIN) 5687782
700 1# - ADDED ENTRY--PERSONAL NAME
Personal name Aiello, Elena
Titles and other words associated with a name (Illustrator),
Relator term illustrator.
9 (RLIN) 6402518
776 08 - ADDITIONAL PHYSICAL FORM ENTRY
Display text Online version:
Main entry heading Reid, C. L.
Title Party problems
Place, publisher, and date of publication North Mankato, Minnesota : Picture Window Books, a Capstone imprint, [2021]
International Standard Book Number 9781515871880
Record control number (DLC) 2020001372.
800 1# - SERIES ADDED ENTRY--PERSONAL NAME
Personal name Reid, C. L.
Title of a work Emma every day.
9 (RLIN) 6402519
907 ## - LOCAL DATA ELEMENT G, LDG (RLIN)
a .b434808209
942 ## - ADDED ENTRY ELEMENTS (KOHA)
Source of classification or shelving scheme Dewey Decimal Classification
Koha item type BOOK
Holdings
Withdrawn status Lost status Source of classification or shelving scheme Damaged status Not for loan Collection code Home library Current library Shelving location Date acquired Source of acquisition Total Checkouts Total Renewals Full call number Barcode Checked out Date last seen Date checked out Cost, replacement price Price effective from Koha item type
  Long Overdue (Lost) Dewey Decimal Classification     Children Leveled Wasatch County Library Wasatch County Library Main Floor Childrens Area 02/02/2021 Rainbow Books 23 16 E Reid 34301001709320 09/30/2025 08/04/2025 08/04/2025 15.99 02/02/2021 BOOK
This project was made possible through a grant from the Institute of Museum and Library Service administered by the Utah State Library Division.

Wasatch County Library

  • 465 East 1200 South, Heber City, Utah 84032
  • Phone 435-654-1511 | Fax 435-654-6456

Hours

  • Monday - Friday 9:30 AM - 8:00 PM
  • Saturday 9:30 AM - 1:30 PM
  • Closed Sundays and Holidays